| 000 | 00492cam a2200193ua 4500 | ||
|---|---|---|---|
| 001 | 3045 | ||
| 005 | 20260515113626.0 | ||
| 008 | 110922n ii |||gr||||Z||||||asm | ||
| 040 | _cMAIN | ||
| 082 | _a920 | ||
| 100 | 1 | _aBaruah, Padmanath Gohain, | |
| 245 | 1 | 1 |
_aJivani sangraha _ced. by Padmanath Gohain Baruah |
| 250 | _a3rd. | ||
| 260 |
_aguahati: _bPublication board assam,991. |
||
| 300 |
_a303p: _c23p. |
||
| 653 | _aBiography | ||
| 653 | _aBiography of Jivani sangraha | ||
| 942 | _cBK | ||
| 999 |
_c2890 _d2890 |
||